000 00501nam a2200145Ia 4500
008 100204s9999 xx 000 0 und d
082 _b26276
100 _aनाडकर्णी सुरेश
245 _aमुलगी वयात येते
260 _b"पॉप्युलर प्रकाशन , मुंबई"
_c2004
300 _a110
630 _aमुलगी वयात येते
730 _aमुलगी वयात येते
942 _cBOOK
999 _c471456
_d471453